| 000 | 01132nam0a2200349 4500 | ||
|---|---|---|---|
| 001 | RU\NLR\bibl\1433647 | ||
| 005 | 20260409075315.0 | ||
| 010 |
_a978-5-87247-525-5 _bв пер. _91000 |
||
| 021 |
_aRU _b2009-72152 _94479 |
||
| 035 | _a(nilc)RSL-KNO-004381946 | ||
| 035 | _a(NLR Aleph) 001425544 | ||
| 090 |
_a1369827 _c1369827 |
||
| 100 | _a20090914d2009 |||y0rusy50 ca | ||
| 101 | 0 | _arus | |
| 102 | _aRU | ||
| 105 | _ay zzzz||||| | ||
| 200 | 1 |
_aВоспитание: принципы и методы _fА. Е. Меньщиков |
|
| 210 |
_aКурган _cЗауралье _d2009 |
||
| 215 |
_a175 с. _cил. _d21 |
||
| 320 | _aБиблиогр.: с. 169-170 (32 назв.) | ||
| 606 |
_aДети _xВоспитание _3RU\NLR\auth\661449061 _92435031 |
||
| 686 |
_aЧ421,6(2)32,0 _2rubbk |
||
| 686 |
_aЧ491,6(2)32,0 _2rubbk |
||
| 686 | _aЧ313 | ||
| 700 | 1 |
_aМеньщиков _bА. Е. _gАнатолий Евгеньевич _4070 |
|
| 801 | 0 |
_aRU _bРКП _c20090914 _grcr |
|
| 801 | 1 |
_aRU _bРГБ _c20090914 |
|
| 801 | 2 |
_aRU _bNLR _c20091103 _grcr |
|
| 942 | _cBOOK | ||
| 980 | _aNB | ||
| 980 | _aNBR | ||